| Tag |
First Indicator |
Second Indicator |
Subfields |
| LEADER |
00000cam a2200000 a 4500 |
| 001 |
in00000032195 |
| 005 |
20151007060425.0 |
| 008 |
881017s1987 abca b 100 0 eng |
| 010 |
|
|
|a 87209714
|
| 015 |
|
|
|a 860914666
|2 can
|
| 016 |
|
|
|a (AMICUS)000006627471
|
| 019 |
|
|
|a 16024473
|a 775877960
|a 796947085
|a 1008835979
|a 1327899429
|a 1360445925
|
| 020 |
|
|
|a 0888641125
|
| 029 |
1 |
|
|a AU@
|b 000004880153
|
| 035 |
|
|
|a (OCoLC)18837061
|
| 040 |
|
|
|a DLC
|b eng
|c DLC
|d NLC
|d NLGGC
|d BTCTA
|d YDXCP
|d CLU
|d UBY
|d NIALS
|d GEBAY
|d BDX
|d OCLCF
|d DEBBG
|d DIBIB
|d CNTCS
|d OCLCQ
|d OCLCO
|d OCLCA
|d OCLCQ
|d UWO
|d OCLCA
|d OCL
|d OCLCO
|d NBMAB
|
| 043 |
|
|
|a n-cn---
|
| 049 |
|
|
|a TXAM
|
| 050 |
|
4 |
|a HV105
|b .C37 1987
|
| 050 |
0 |
0 |
|a HV105
|b .C32 1987
|
| 055 |
|
1 |
|a HV105
|
| 082 |
0 |
|
|a 361.6/1/0971
|2 19
|
| 082 |
0 |
0 |
|a 361.6/1/0971
|2 19
|
| 084 |
|
|
|a cci1icc
|2 lacc
|
| 245 |
0 |
4 |
|a The Canadian welfare state :
|b evolution and transition /
|c edited by Jacqueline S. Ismael.
|
| 260 |
|
|
|a Edmonton, Alta., Canada :
|b University of Alberta Press,
|c 1987.
|
| 264 |
|
1 |
|a Edmonton :
|b University of Alberta Press,
|c 1987.
|
| 300 |
|
|
|a xxv, 390 pages :
|b illustrations ;
|c 24 cm
|
| 336 |
|
|
|a text
|b txt
|2 rdacontent
|
| 337 |
|
|
|a unmediated
|b n
|2 rdamedia
|
| 338 |
|
|
|a volume
|b nc
|2 rdacarrier
|
| 500 |
|
|
|a "Based on papers originally presented at the Conference on Provincial Social Welfare Policy held at the University of Calgary, May 1-3, 1985."--Pref.
|
| 504 |
|
|
|a Includes bibliographical references.
|
| 650 |
|
0 |
|a Public welfare
|z Canada
|v Congresses.
|
| 651 |
|
0 |
|a Canada
|x Social policy
|v Congresses.
|
| 655 |
|
4 |
|a Aufsatzsammlung.
|
| 711 |
2 |
|
|a Conference on Provincial Social Welfare Policy
|n (2nd :
|d 1985 :
|c University of Calgary)
|
| 700 |
1 |
|
|a Ismael, Jacqueline S.
|
| 776 |
0 |
8 |
|i Online version:
|t Canadian welfare state.
|d Edmonton, Alta., Canada : University of Alberta Press, 1987
|w (OCoLC)570831043
|
| 938 |
|
|
|a Brodart
|b BROD
|n 55750486
|c $15.00
|
| 999 |
|
|
|a MARS
|
| 999 |
f |
f |
|s c60ceb89-c697-39a3-8df8-565db4f35cdf
|i 1b741df3-63b3-3721-b772-f4978d7fcf00
|t 0
|
| 952 |
f |
f |
|p ric
|a Texas A&M University
|b Rellis Campus
|c Joint Library Facility
|s JLF
|d Remote Storage
|t 0
|e HV105 .C37 1987
|h Library of Congress classification
|i unmediated -- volume
|m A14811687309
|